000 00391nam a22001697a 4500
003 CEME
005 20210628203806.0
008 210317b xxu||||| |||| 00| 0 eng d
040 _c.
082 _a629.471 AIA'A
100 _aAiaa
_967327
245 _aAiaa aeroscope design engineers guide
250 _a3RD
260 _aWASHINGTON
_bAIAA
_c1993
300 _a1120P
942 _cBK
_2ddc
999 _c575135
_d575135